00898cam a2200265 a 450000100060000000300080000600500170001400800410003102000150007203500190008704000280010604100080013408200150014210000480015724500480020526000400025330000340029349000490032749000370037650000670041350400370048065000290051783000490054683000370059521553BD-RjUL20211209000711.0140304s1963 nyua b 001 0 eng d a0471946443 a(BD-RjUL)21617 aDLCcDLCdUKMdEQObeng aeng a519.9bWIM1 aWilks, S. S.q(Samuel Stanley),d1906-1964.10aMathematical statistics /cSamuel S. Wilks. aNew York ;aLondon :bWiley,c1963. axvi, 644 p. :bill. ;c24 cm.1 aWiley publication in mathematical statistics1 aWiley publications in statistics a"An early version of some of the material was issued in 1943." aIncludes bibliography and index. 0aMathematical statistics. 0aWiley publication in mathematical statistics 0aWiley publications in statistics